Responses for Show #7788 - Wednesday, June 20, 2018

Contestants

[<< previous game]

Tyler Dilts, a novelist and teacher from Long Beach, California

Lindsay Garces, an insurance underwriter from East Boston, Massachusetts

Ali Hasan, a secondary school teacher from New Westminster, British Columbia, Canada (whose 1-day cash winnings total $20,401)

[next game >>]

Jeopardy! Round responses

THAT'S A GOOD-LOOKIN' TITLE WORD
25 YEARS AGO: 1993
IT'S TOTALLY TUBULAR
I GIVE YOU EVERYTHING...
THE SUN, THE MOON, THE STARS
& THIS IS THE THANKS I GET?!
    $200 1
pretty

Tyler
    $200 18
the European Union

Ali
    $200 6
a kaleidoscope

Tyler
    $200 23
(Ali: What is pass it forward?)

pay it forward

AliTyler
    $200 22
the Hubble Telescope

Ali
    $200 11
merci beaucoup

Ali
    $400 2
beauty

Ali
    $400 25
the Mississippi and Missouri

Ali
    $400 7
a baster

Lindsay
    $400 15
duck-billed platypus

Triple Stumper
    $400 12
Swahili

Lindsay
    $600 3
fine

Lindsay
    $600 26
there it is

Lindsay
    $600 8
a recorder

Lindsay
    $600 16
Byzantine

Ali
    $600 29
[The end-of-round signal sounds..]

hydrogen

Ali
    $600 13
Gracias

Ali
    $800 4
marvelous

Lindsay
    $2,000 20
(Ali: What is Christopher Law?)

the Brady Bill

Ali
    $800 9
(Lindsay: What is rigatoni?)

manicotti

Lindsay
Triple Stumper
    $800 17
(Lindsay: What is a king?)

a messenger

LindsayTyler
    $800 28
Alpha Centauri

Triple Stumper
    $800 14
mahalo

Lindsay
    $1000 5
gorgeous

Lindsay
    $1000 19
Ethiopia

Ali
    $1000 10
Fallopian tubes

Tyler
    $1000 24
(Alex: With less than a minute now.)

Zimbabwe

Ali
    $1000 27
the corona

Tyler
    $1000 21
domo arigato

Tyler

Scores at the first commercial break (after clue 15):

Ali Lindsay Tyler
$1,200 $3,800 $1,400

Scores at the end of the Jeopardy! Round:

Ali Lindsay Tyler
$3,000 $3,600 $4,400

Double Jeopardy! Round responses

THEY TURNED MY BOOK INTO A MOVIE
BODIES OF WATER
WHO ESSENTIAL MEDICINES
SPORTS DOCTORS
BEFORE HUMANITY
3 P's, PPPLEASE
    $400 5
E.L. James

Tyler
    $400 15
Turkey

Ali
    $400 20
oxygen

Ali
    $400 19
Dr. J (or Julius Erving)

Tyler
    $400 6
ice ages

Ali
    $400 11
appropriate

Tyler
    $800 4
Nabokov

Lindsay
    $800 16
the Niagara River

Triple Stumper
    $800 26
ibuprofen

Lindsay
    $800 30
(Alex: "K" in baseball for [*].)

strikeouts

Triple Stumper
    $800 7
(Alex: You saw Jurassic Park.)

amber

Ali
    $800 12
a preppy

Tyler
    $1200 3
Pat Conroy

Tyler
    $1200 17
the Snake River

Tyler
    $3,000 27
charcoal

Lindsay
    $1200 25
Dr. Strangeglove

Tyler
    $1200 8
the Yucatan Peninsula

Tyler
    $1200 13
past participle

Ali
    $1600 2
Marjorie Kinnan Rawlings

Triple Stumper
    $1600 21
Galway Bay

Triple Stumper
    $1600 28
resistance

Triple Stumper
    $1600 22
Lady Byng

Ali
    $1600 9
diamonds

Ali
    $2,000 14
post-apocalyptic

Ali
    $2000 1
Ted Hughes

Triple Stumper
    $2000 24
Lake Nasser

Ali
    $2000 29
tuberculosis

Ali
    $2000 23
(Ali: Who is Loyola?)

Army

Ali
Triple Stumper
    $2000 10
the gibbon

Triple Stumper
    $2000 18
the hippocampus

Tyler

Scores at the end of the Double Jeopardy! Round:

Ali Lindsay Tyler
$13,400 $8,200 $13,200

[wagering suggestions for these scores]

Final Jeopardy! Round responses

CLASSICAL MUSIC
(Alex: [To Lindsay] You were thinking of the Enigma Variations, I guess.)
...
(Alex: [To Ali] By Joseph Haydn.)
LindsayWhat is enigma
$7,000
TylerWhat
$0
AliWhat is the Surprise Symphony?
$13,001
the "Surprise" Symphony

Final scores:

Ali Lindsay Tyler
$26,401 $1,200 $13,200
2-day champion: $46,802 3rd place: $1,000 2nd place: $2,000

Game dynamics:

Coryat scores:

Ali Lindsay Tyler
$15,000 $6,400 $13,200
20 R
(including 1 DD),
3 W
(including 1 DD)
11 R
(including 1 DD),
2 W
16 R,
0 W

Combined Coryat: $34,600

[game clues] [game scores] [suggest correction]

Game tape date: 2018-02-20
The J! Archive is created by fans, for fans. Scraping, republication, monetization, and malicious use prohibited; this site may use cookies and collect identifying information. See terms. The Jeopardy! game show and all elements thereof, including but not limited to copyright and trademark thereto, are the property of Jeopardy Productions, Inc. and are protected under law. This website is not affiliated with, sponsored by, or operated by Jeopardy Productions, Inc. Join the discussion at JBoard.tv.